Simplified course on parasitology and immunology / (Record no. 83512)

MARC details
000 -LEADER
fixed length control field 00641nam a22002057a 4500
005 - DATE AND TIME OF LATEST TRANSACTION
control field 20140708123918.0
010 ## - LCCN (DPL NO)
LC control number ENG-109712
020 ## - INTERNATIONAL STANDARD BOOK NUMBER
International Standard Book Number 9788173816369
Terms of availability 295.00
035 ## - SYSTEM CONTROL NUMBER
System control number EN-93245
037 ## - SOURCE OF ACQUISITION
Source of stock number/acquisition DBAD/PUB
082 ## - DEWEY DECIMAL CLASSIFICATION NUMBER
Classification number 591.55
100 ## - MAIN ENTRY--PERSONAL NAME
Personal name Rej, Swapan Kumar
245 00 - TITLE STATEMENT
Title Simplified course on parasitology and immunology /
Statement of responsibility, etc by Swapan Kumar Rej [and] Rakhi Roy
260 ## - PUBLICATION, DISTRIBUTION, ETC. (IMPRINT)
Place of publication, distribution, etc Kolkata
Name of publisher, distributor, etc New Central Book Agency
Date of publication, distribution, etc 2013(repr.)
270 ## - ADDRESS
Address 8/1 Chintamoni Das Lane
City Kolkata
Postal code 700009
300 ## - PHYSICAL DESCRIPTION
Extent ix,323p. :
Dimensions 24cm(pbk)
Other physical details ill.
500 ## - GENERAL NOTE
General note Includes index
700 ## - ADDED ENTRY--PERSONAL NAME
Personal name Roy, Rakhi
942 ## - ADDED ENTRY ELEMENTS (KOHA)
Source of classification or shelving scheme Dewey Decimal Classification
Item type English Books
Call number suffix REJ
Classification part 591.55
Holdings
Withdrawn status Lost status Not for loan Collection code Home library Current library Date acquired Source of acquisition Cost, normal purchase price Full call number Barcode Copy number Cost, replacement price Koha item type
    Not For Loan Non-fiction D.B.Act.Division D.B.Act.Division 16/04/2014 DBAD/PUB 295.00 591.55 REJ EN-93245 1 295.00 English Books

© Delhi Public Library
Hit Counter
free hit counter